Quick 123ABC - Statistics

General Stats
  • This quiz has been taken 24 times
  • The average score is 18 of 40
Answer Stats
Hint Answer % Correct
One. 1
100%
Double it. 2
93%
Half it. 1
80%
-9.25 0
67%
x5 0
67%
I CAN'T HEAR YOU!!! 0
67%
Click 1. 1
67%
+1/7 1/7
67%
Half it. 2.25
67%
Add the 2nd answer and the 3rd one. 3
67%
Half it. 4.5
67%
+3 5.25
67%
Multiply the previous anwser by itself. 9
67%
+4 9.25
67%
Click B. B
67%
Click B. B
67%
I forgot. What did you click? B
67%
Ohhhhh. I forgot again. B
67%
Don't click anything. 0
60%
First letter of this sentence? F
60%
What? 0
53%
+4 5
53%
Almost done, what's the 5th consonant in this sentence? D
53%
Click latin letter # 5-2. C
47%
Click a vowel. A
40%
Which letter doesn't appear in this boring sentence? F
33%
Minus the number of "e"s in this sentence 1
27%
x7 7
27%
What is the mathematical constant that is also a letter? E
27%
x7 1
20%
Lowest piano note? A
13%
Highest piano note? F
13%
What letter do you say when you scream? A
7%
You're almost done. Say the previous answer to complete the quiz. A
7%
What did you say the first time I brought up letters? A
0%
What are those small guys that make honey? B
0%
Haga clic en la tercera letra. C
0%
ABCD... I forgot. What is it? E
0%
Which letter appears 6 times in the hex code for white? F
0%
ALMOST THERE!!! What letter doesn't have a line of symmetry when capitalized? F
0%
No matching quizzes found
Score Distribution
Percent of People with Each Score
Percentile by Number Answered
Your Score History
You have not taken this quiz